Pokémon Sauvages - Alola Poni SL - Statistiques

Statistiques générales
  • Ce quiz a été pris 16 fois
  • Le résultat moyen est 105 sur 137
Statistiques - réponses
Lieux Pokémon % Correct
Argouste
100%
Bébécaille
100%
(tas de baies) Crabagarre
100%
(renfort) Écaïd
100%
Ékaïser
100%
Lougaroc forme Diurne
100%
Lougaroc forme Nocturne
100%
Autel de la Lune Lunala
100%
Noadkoko d'Alola
100%
Forêt de Poni | Plaine de Poni Piclairon
100%
Plumeline Style Buyō
100%
Rapasdepic
100%
Rattatac d'Alola
100%
Jardin de Poni Rubombelle
100%
Sinistrail
100%
Autel du Soleil Solgaleo
100%
Ruines de l'Au-Delà Tokopisco
100%
Bourrinos
88%
Chelours
88%
(embuscade depuis buisson) Insécateur
88%
(renfort) Léviator
88%
(sur l'eau) Luminéon
88%
(pêche) | Village Flottant(pêche) Magicarpe
88%
Île Noadkoko Noeunoeuf
88%
(fuite) | Récif de Poni(fuite) Sovkipou
88%
Triopikeur d'Alola
88%
Wailmer
88%
Wailord
88%
Akwakwak
75%
L Chlorobule
75%
(renfort pluie) Colimucus
75%
Draco
75%
Dracolosse
75%
Écrémeuh
75%
(durant la quête de Beladonis) Engloutyran
75%
Géolithe
75%
S Gueriaigle
75%
Lokhlass
75%
Lucario
75%
Minidraco
75%
Morphéo
75%
(en marchant) | (sur l'eau) | Caverne Coda Nosferalto
75%
Riolu
75%
Sharpedo
75%
Tauros
75%
Tentacruel
75%
L Vaututrice
75%
Barbicha
63%
Barloche
63%
Bekipan
63%
Cornèbre
63%
S Doudouvet
63%
Emolga
63%
Granbull
63%
(renfort) Leveinard
63%
Grand Canyon de Poni Machopeur
63%
Relicanth
63%
Scarabrute
63%
Nostenfer
50%
Strassie
50%
(renfort) Ténéfix
50%
Tritosor mer Orient
50%
Airmure
38%
(Scanner des Îles Vendredi) Clamiral
38%
(embuscade depuis arbre) Colossinge
38%
Hariyama
38%
(Scanner des Îles Jeudi) Majaspic
38%
(Scanner des Îles Mercredi) Manternel
38%
(Scanner des Îles Samedi) Roitiflam
38%
(Scanner des Îles Lundi) Bétochef
25%
Hypnomade
25%
(Scanner des Îles Dimanche) Ohmassacre
25%
(Scanner des Îles Mardi) Togekiss
25%
Aucun quiz correspondant
Distribution des résultats
% des personnes avec chaque résultat
Percentile par nombre de réponses
Votre historique - résultats
Vous n’avez pas pris ce quiz